<?xml version="1.0" encoding="UTF-8"?>
<marc:record xmlns:marc="http://www.loc.gov/MARC21/slim">
   <marc:leader>00000nam a2200000 a 4500</marc:leader>
   <marc:datafield ind1="1" ind2=" " tag="100">
      <marc:subfield code="a">Plachutta, Ewald</marc:subfield>
      <marc:subfield code="4">aut</marc:subfield>
      <marc:subfield code="e">Verfasser/-in</marc:subfield>
   </marc:datafield>
   <marc:datafield ind1="1" ind2=" " tag="100">
      <marc:subfield code="a">Rieger, Else</marc:subfield>
   </marc:datafield>
   <marc:datafield ind1="1" ind2=" " tag="100">
      <marc:subfield code="a">Eisenberger, Harald</marc:subfield>
   </marc:datafield>
   <marc:datafield ind1=" " ind2=" " tag="653">
      <marc:subfield code="a">Plachutta</marc:subfield>
   </marc:datafield>
   <marc:datafield ind1=" " ind2=" " tag="653">
      <marc:subfield code="a">Kochbuch</marc:subfield>
   </marc:datafield>
   <marc:datafield ind1="0" ind2="0" tag="245">
      <marc:subfield code="a">Der goldene Plachutta</marc:subfield>
   </marc:datafield>
   <marc:datafield ind1="0" ind2="0" tag="245">
      <marc:subfield code="b">über 100 Rezepte</marc:subfield>
   </marc:datafield>
   <marc:datafield ind1="0" ind2="0" tag="245">
      <marc:subfield code="c">Ewald Plachutta ; Mario Plachutta. Else Rieger. Harald Eisenberger</marc:subfield>
   </marc:datafield>
   <marc:datafield ind1=" " ind2="1" tag="264">
      <marc:subfield code="a">Brandstätter Verlag</marc:subfield>
      <marc:subfield code="b">Wien</marc:subfield>
      <marc:subfield code="c">2012</marc:subfield>
   </marc:datafield>
   <marc:datafield ind1="1" ind2=" " tag="520">
      <marc:subfield code="a">Ein Kochbuch-Kompendium von besonderem Format und kulinarischem Wert. (VL) Gewichtig und doch handlich zugleich liegt dieses Kochbuch mit dem schönen goldenen Leineneinband in der Hand. Es enthält über 1.000 Rezepte, die der renommierte österreichische Koch Ewald Plachutta in sechs Jahrzehnten Berufserfahrung entwickelt, erprobt und aufgeschrieben hat. Es ist ein ausgereiftes "Alterswerk", in dem Wissen und Können einer alltagstauglichen wie gehobenen Koch- und Esskultur auf über 700 Seiten vermittelt wird. Als Einstieg werden goldene Küchenregeln, die für gutes Gelingen wichtig sind, erklärt, doch dann geht es gleich zu den kulinarischen Hauptsachen - ob kalt, warm oder süß - wie die drei großen Abschnitte einfach und übersichtlich genannt werden. Diese Rezeptsammlung besticht nicht nur durch sorgfältige Angaben der Zutaten und Zubereitung, sondern auch durch das angenehme Layout mit seinen seriösen Speisenfotos und inhaltlich fein abgestimmten handschriftlichen Zeichnungen. Ein beeindruckendes Werk, das ein Kochbuch fürs ganze Leben ist und einen Platz in jedem Haushalt verdient.</marc:subfield>
   </marc:datafield>
   <marc:datafield ind1="3" ind2=" " tag="024">
      <marc:subfield code="a">9783850336765</marc:subfield>
   </marc:datafield>
   <marc:datafield ind1=" " ind2=" " tag="300">
      <marc:subfield code="a">703 S.</marc:subfield>
   </marc:datafield>
</marc:record>
